| 000 | 004340000a22001690004500 | ||
|---|---|---|---|
| 003 | MACL | ||
| 005 | 20160108171409.0 | ||
| 008 | 160108b xxu||||| |||| 00| 0 eng d | ||
| 040 |
_aMACL _cMACL |
||
| 041 | _aEnglish | ||
| 082 | _a910/MUR | ||
| 100 |
_aMurdoch, W G Burn _930086 |
||
| 245 | _aFrom Edinburgh to India & Burmah | ||
| 260 |
_bGeorge Routledge & Sons Ltd _aLondon |
||
| 650 |
_aTravel _930087 |
||
| 942 |
_cBK _k910/MUR _2ddc |
||
| 999 |
_c37748 _d37748 |
||